All's well that ends well

Saved in:
Bibliografiske detaljer
Hovedforfatter: Shakespeare, William (Author)
Format: Bog
Sprog:engelsk
Udgivet: New Haven Yale University Press 1926
Serier:The Yale Shakespeare
Fag:
Tags: Tilføj Tag
Ingen Tags, Vær først til at tagge denne postø!

MARC

LEADER 00000nam a2200000 a 4500
001 UCX6711
003 CL-VaPUC
008 930806e19260000US |||||||||||||||||eng|d
082 0 4 |a 822  |b SHA  |2 21 
100 |a Shakespeare, William  |e author  |9 265757 
245 1 0 |a All's well that ends well 
300 |a 140 p 
942 |c BK 
945 |d 19930806 00:00:00 
260 |a New Haven  |b Yale University Press  |c 1926 
650 0 |a Dramas ingleses  |9 269396 
583 |a last modification  |c 19930806 00:00:00  |k Rodrigo Vera 
490 0 |a The Yale Shakespeare 
999 |c 226691  |d 226689 
952 |0 0  |1 0  |4 0  |6 822_000000000000000_SHA_1926  |7 0  |8 A  |9 225233  |a BIBEDU  |b BIBEDU  |d 2019-11-15  |i 2939401  |o 822 SHA 1926  |p 2939401  |r 2019-11-15  |w 2019-11-15  |y BK  |k LIT